Best attacking player per team 2025-2026 - Statistics

General Stats
  • This quiz has been taken 8 times
  • The average score is 2 of 16
Answers on the Grid
Answers color-coded by a green-red scale on the quiz's grid according to % correct below.
Nicolas Jackson
Harry Kane
Palmer
Reece James
Estevao
Cunha
Mbuemo
Bruno Fernandes
Son
Emerick Abameyang
Duran
Foden
Doku
Cherki
Haaland
Salah
Wirtz
Szoboszlai
Joao Pedro
Merino
Saka
Martinelli
Osimen
Watkins
Bailey
Dybala
Thuram
Lautaro Martinez
Calhanoglu
Dembele
Kvara
Doue
Vitinha
Pulisic
Rafael Leao
Mbappe
Vinicius Jr
Rodrygo
Bellingham
Guler
Lewandowski
Yamal
Raphina
Gavi
 
Answer Stats
Answer % Correct
Harry Kane
100%
Haaland
25%
Lautaro Martinez
13%
Mbappe
13%
Osimen
13%
Son
13%
Szoboszlai
13%
Watkins
13%
Yamal
13%
Bruno Fernandes
0%
Dembele
0%
Dybala
0%
Emerick Abameyang
0%
Joao Pedro
0%
Merino
0%
Rafael Leao
0%
No matching quizzes found
Score Distribution
Percent of People with Each Score
Percentile by Number Answered
Your Score History
You have not taken this quiz